|
|
|
|
| LEADER |
02422nam a2200361 a 4500 |
| 001 |
8933 |
| 003 |
BD-DhAAL |
| 008 |
090428s2002 maua b 001 0 eng d |
| 999 |
|
|
|c 151
|d 151
|
| 010 |
|
|
|a \\\85015647
|
| 020 |
|
|
|a 0201100886 :
|c $30.00
|a 9812358854
|
| 040 |
|
|
|a DLC
|c DLC
|d DLC
|d BD-DhAAL
|
| 082 |
0 |
0 |
|a 005.453
|2 19
|
| 100 |
1 |
|
|a Aho, Alfred V.
|9 944
|
| 245 |
1 |
0 |
|a Compilers, principles, techniques, and tools /
|c Alfred V. Aho, Ravi Sethi, Jeffrey D. Ullman.
|
| 260 |
|
|
|a Reading, Mass. :
|b Addison-Wesley Pub. Co.,
|c c2002.
|
| 300 |
|
|
|a x, 796 pages :
|b illustrations ;
|c 24 cm.
|
| 500 |
|
|
|a Includes index.
|
| 504 |
|
|
|a Includes bibliographical references [752]-779 and index.
|
| 541 |
|
|
|e 8938
|
| 650 |
|
0 |
|a Compilers (Computer programs)
|9 807
|
| 700 |
1 |
|
|a Sethi, Ravi.
|9 945
|
| 700 |
1 |
|
|a Ullman, Jeffrey D.,
|d 1942-
|9 946
|
| 852 |
|
|
|a Ayesha Abed Library
|c General Stacks
|
| 942 |
|
|
|2 ddc
|c BK
|0 5
|
| 952 |
|
|
|0 0
|1 0
|2 ddc
|4 0
|6 005_453000000000000_AHO
|7 0
|9 139
|a BRACUL
|b BRACUL
|c GEN
|d 2009-04-28
|g 0.00
|l 18
|m 211
|o 005.453 AHO
|p 3010008938
|r 2025-01-19
|s 2024-10-02
|t 4
|w 2009-04-28
|y BK
|x No price found in the accession register.
|
| 952 |
|
|
|0 0
|1 0
|2 ddc
|4 0
|6 005_453000000000000_AHO
|7 0
|9 13893
|a BRACUL
|b BRACUL
|c GEN
|d 2011-01-15
|l 19
|m 247
|o 005.453 AHO
|p 3010008935
|r 2026-01-14
|s 2025-10-20
|t 3
|w 2011-01-15
|y BK
|
| 952 |
|
|
|0 0
|1 0
|2 ddc
|4 0
|6 005_453000000000000_AHO
|7 0
|9 13894
|a BRACUL
|b BRACUL
|c GEN
|d 2011-01-15
|l 12
|m 152
|o 005.453 AHO
|p 3010008942
|r 2020-01-28
|s 2020-01-26
|t 7
|w 2011-01-15
|y BK
|
| 952 |
|
|
|0 0
|1 0
|2 ddc
|4 0
|6 005_453000000000000_AHO
|7 0
|9 13895
|a BRACUL
|b BRACUL
|c GEN
|d 2011-01-15
|l 13
|m 120
|o 005.453 AHO
|p 3010008941
|r 2020-02-11
|s 2019-09-16
|t 6
|w 2011-01-15
|y BK
|
| 952 |
|
|
|0 0
|1 0
|2 ddc
|4 0
|6 005_453000000000000_AHO
|7 0
|9 13896
|a BRACUL
|b BRACUL
|c GEN
|d 2011-01-15
|l 20
|m 147
|o 005.453 AHO
|p 3010008934
|r 2026-03-02
|s 2026-02-02
|t 2
|w 2011-01-15
|y BK
|
| 952 |
|
|
|0 0
|1 3
|2 ddc
|4 0
|6 005_453000000000000_AHO
|7 0
|9 13897
|a BRACUL
|b BRACUL
|c GEN
|d 2011-01-15
|g 1461.00
|l 19
|m 174
|o 005.453 AHO
|p 3010008940
|r 2024-12-10
|s 2024-06-08
|t 5
|v 2922.00
|w 2011-01-15
|y BK
|x Lost and Paid for the double price: Tk. 2922-/ (TRXID: 007416345417)
|
| 952 |
|
|
|0 0
|1 0
|2 ddc
|4 0
|6 005_453000000000000_AHO
|7 0
|9 17093
|a BRACUL
|b BRACUL
|c GEN
|d 2011-06-04
|l 18
|m 213
|o 005.453 AHO
|p 3010008933
|r 2026-05-16
|s 2026-02-23
|t 1
|w 2011-06-04
|y BK
|
| 952 |
|
|
|0 0
|1 0
|2 ddc
|4 0
|6 005_453000000000000_AHO
|7 0
|9 22195
|a BRACUL
|b BRACUL
|c GEN
|d 2013-04-21
|l 24
|m 236
|o 005.453 AHO
|p 3010010584
|r 2026-01-06
|s 2025-10-19
|t 8
|w 2013-04-21
|y BK
|